Aerial control of forest insects in Canada /

Saved in:
Bibliographic Details
Corporate Author: Canada. Environment Canada
Other Authors: Prebble, M. L.
Format: Book
Language:English
Published: Ottawa : Dept. of the Environment, 1975.
Subjects:
LEADER 01118nam a2200265 4500
001 c000121888
003 CARM
005 20011204133456.0
008 011204s1975 oncab f000 0 eng d
019 1 |a 1116424  |5 LACONCORD2021 
035 |a (OCoLC)15838843  |5 LACONCORD2021 
040 |a CAN  |c CAN  |d XSAR 
245 0 0 |a Aerial control of forest insects in Canada /  |c edited by M. L. Prebble. 
260 |a Ottawa :  |b Dept. of the Environment,  |c 1975. 
300 |a xii, 330 p. :  |b ill. (some col.), graphs, col. maps ;  |c 29 cm. 
500 |a At head of title: A review of control projects employing chemical and biological insecticides. 
500 |a Includes abstract in French. 
504 |a Includes bibliographies. 
650 0 |a Trees  |x Diseases and pests  |z Canada. 
650 0 |a Forest insects  |x Control  |z Canada. 
700 1 |a Prebble, M. L. 
710 1 0 |a Canada.  |b Environment Canada. 
852 8 |b CARM  |h A2:AN05E0  |i D05532  |p 0207195  |f BK 
999 f f |i 8ec0a04c-ccd9-57cf-8b01-dbc63f102aaf  |s ab739b51-4e75-501e-9931-da0adfc23dca 
952 f f |p Can circulate  |a CAVAL  |b CAVAL  |c CAVAL  |d CARM 1 Store  |e D05532  |f A2:AN05E0  |h Other scheme  |i book  |m 0207195